Biblia a jej ľud

Podrobná bibliografia
Hlavný autor: Daniel-Rops, Henri, 1901-1965 (Autor)
Médium: Kniha
Jazyk:slovenčina
angličtina
Fyzický popis:361 s. mp. 20 cm
Vydavateľské údaje: Cambridge Priatelia dobrej knihy 1985
ISBN:0919865208
Vydanie:1. vyd.
Predmet:

MARC

LEADER 00000nam a2200000 a 4500
001 vtls001178195
003 SK-MaSNL
005 20260301141314.0
008 250313s1985 xxcb 00000 slo
015 |a SNBZSA1991-00269 
020 |a 0919865208 
035 |a SNK000121197 
035 |a urn:nbn:sk:snk-amkqj0 
035 |a urn:nbn:sk:snk-am005bma 
035 |a CA3ABE43-415E-402F-9E19-CBD048006CA6 
040 |a SNK  |b slo  |c SNK  |e AACR2 
041 1 |a slo  |h eng 
044 |a xxc  |c CA 
080 |a 22.07  |2 1981 
100 1 |a Daniel-Rops, Henri,  |d 1901-1965  |4 aut  |9 460320 
240 1 0 |a Histoire Sainte - Le Peuple de la Bible  |l Slovensky 
245 1 0 |a Biblia a jej ľud  |c Daniel-Rops 
250 |a 1. vyd. 
260 |a Cambridge  |b Priatelia dobrej knihy  |c 1985 
300 |a 361 s.  |b mp.  |c 20 cm 
500 |a Vlast. meno aut. J. Ch. Henri Petiot 
504 |a Vysvetl. Chronolog. tab. 
650 0 7 |a biblické postavy  |2 SNKPH  |9 4145 
655 7 |a príručky  |2 SNKPH  |9 74364 
852 |a Slovenská národná knižnica 
919 |a 0-919865-20-8 
954 |a duchovná literatúra cudzojazyčná (svetová)  |2 lita 
958 |a TL 
958 |a ZS 
958 |a NT 
958 |a OND 
999 |c 766749  |d 768679 
952 |a SNK  |b SNK  |y PREZ  |7 0  |p 17A0993636  |o snkSC 79055  |0 0  |1 0  |4 0  |d 2012-08-09  |l 0  |r 2026-02-24 00:22:21  |w 2026-02-24 
952 |t P60, <03>, [BOOK], {603}  |a SNK  |b SNK  |y PREZ  |7 0  |o snkSC 79055  |i snkV 803/91  |0 0  |1 0  |4 0  |d 1997-02-10  |l 0  |r 2005-01-01 00:00:00  |w 2026-02-24 
952 |t P60, <04>, [BOOK], {604}  |a SNK  |b SNK  |y VYP  |7 0  |p 17A0032786  |o snkSC 79055 D1  |i snkV 616/97  |0 0  |1 0  |4 0  |d 1997-02-10  |f 1  |l 0  |r 2005-01-01 00:00:00  |w 2026-02-24